| 000 | 00907nam a2200241 4500 | ||
|---|---|---|---|
| 003 | CO-ViMGA | ||
| 020 | _a9789587619850 | ||
| 040 |
_aCO-ViMGA _bspa _cCO-ViMGA |
||
| 082 | 0 | 4 |
_a670 _bC15f |
| 100 | 1 |
_aCalderón Hernández, Gregorio _97269 |
|
| 245 | 1 | 0 |
_aFormación y desarrollo: _bSu relación con el desempeño y la innovación. Un estudio empírico en empresas manufactureras colombianas / _cGregorio Calderón Hrenández |
| 260 |
_aManizalez : _bUniversidad Nacional de Colombia. Facultad de Ingenieria y Arquitectura _c2014 |
||
| 300 |
_a109 p. _bil., 24 cm |
||
| 500 | _aIncluye índice | ||
| 504 | _aIncluye bibliografía | ||
| 650 | 1 | 4 |
_aDesempeño _97273 |
| 650 | 1 | 4 |
_aFormación y desarrollo _97270 |
| 650 | 1 | 4 |
_aGestión humana _97271 |
| 650 | 1 | 4 |
_aInnovación _97272 |
| 700 | 1 |
_aAlavarez Giraldo, Claudia Milena _97274 |
|
| 700 | 1 |
_aNaranjo Valencia, Julia Clemencia _97275 |
|
| 942 |
_2ddc _cBK |
||
| 999 |
_c37697 _d37697 |
||